Normal view MARC view
  • Garrovillas, Eduardo P.,

Entry Personal Name

Number of records used in: 0

001 - CONTROL NUMBER

  • control field: 216

003 - CONTROL NUMBER IDENTIFIER

  • control field: URS

005 - DATE AND TIME OF LATEST TRANSACTION

  • control field: 20210526105656.0

008 - FIXED-LENGTH DATA ELEMENTS

  • fixed length control field: 210526|| aca||aabn | a|a d

040 ## - CATALOGING SOURCE

  • Original cataloging agency: URS

100 ## - HEADING--PERSONAL NAME

  • Personal name: Garrovillas, Eduardo P.,
  • Relator term: author

University of Rizal System
Email us at univlibservices@urs.edu.ph

Visit our Website www.urs.edu.ph/library